Estadísticas para Categorías de la Geografía

Haz click aquí para intentar la prueba.

Estadísticas generales

  • Esta prueba ha sido intentada 35 veces
  • La puntuación promedio es 3 de 6

Estadísticas de respuestas

HintRespuesta% Correcto
Delimitación del espacio geográfico, construida a partir del ejercicio de poder por parte de un actor social individual o colectivo.Territorio
70%
Expresión visual de las transformaciones geográficas.Paisaje
67%
Totalidad compleja conformada por la interacción entre un sistema de objetos (naturales o artificiales, fijos o flujos) y un sistema de acciones (procesos sociales que operan a diferentes escalas) los cuales están en constante transformación e interdependencia.Espacio geográfico
52%
Unidad espacial puntual, cargada de significados e identidades mediante la experiencia intersubjetiva.Lugar
44%
Recorte espacial flexible, por medio de la selección de criterios específicos, con el fin de diferenciar o exaltar cierta singularidad de un conjunto de elementos o procesos interrelacionados que acontecen en el espacio.Región
44%
Soporte de las sociedades conformado por procesos y fenómenos de origen biofísico.Medio
41%

Distribución de puntuación

Porcentaje por número respondido

Porcentaje de gente con cada puntuación

Historial de tus puntuaciones

No has intentado esta prueba.